| 000 | 00826nam a2200253Ia 4500 | ||
|---|---|---|---|
| 003 | OSt | ||
| 005 | 20221005091529.0 | ||
| 006 | a|||||r|||| 00| 0 | ||
| 007 | ta | ||
| 008 | 221004b |||||||| |||| 00| 0 eng d | ||
| 020 |
_a9781137456496 (hbk) _c5385.44 |
||
| 024 | _a21762 | ||
| 037 |
_b7489, 24/03/2015, Efficient Book Distributors _cTextual |
||
| 040 |
_aCRL _cCRL _beng |
||
| 041 |
_2eng _aeng |
||
| 082 | _aO111:g(U), Q4 | ||
| 100 |
_aTally Robert T Ed. _929036 |
||
| 245 | 0 |
_aLiterary cartographies _b Spatiality representation and narrative |
|
| 260 |
_aNew York _bPalgrave macmillan USA _c2014 |
||
| 300 |
_axi,236p. _ccm. |
||
| 650 | _aENGLISH LITERATURE | ||
| 942 |
_hO111:g(U), Q4 _cTEXL _2cc |
||
| 999 |
_c997387 _d997387 |
||